[Event "Euro Online U2300 Day 1"]
[Site "chess.com INT"]
[Date "2020.05.25"]
[Round "2"]
[White "Jaroch, Pawel"]
[Black "Juknis, Paulius"]
[Result "1-0"]
[WhiteElo "2199"]
[BlackElo "2127"]
[WhiteFideId "1124366"]
[BlackFideId "12802247"]
[EventDate "2020.05.25"]

1. d4 f5 2. e4 fxe4 3. Nc3 Nf6 4. Bg5 g6 5. f3 d5 6. h4 Bg7 7. Qd2 Nc6 8. O-O-O
O-O 9. Bh6 Nh5 10. Bxg7 Kxg7 11. Nge2 exf3 12. gxf3 Bf5 13. a3 b5 14. Nxb5 Rb8
15. Rg1 a6 16. Nbc3 Qd6 17. Na4 Kh8 18. Qc3 e6 19. Nc5 Rb6 20. b3 Rfb8 21. Kb2
a5 22. Ka2 Ra8 23. Re1 Nb4+ 24. Kb2 Nxc2 25. Rc1 a4 26. Rxc2 Bxc2 27. Qxc2 axb3
28. Qd2 Rb5 29. Nf4 Rxc5 30. Nxg6+ Kg7 31. Ne5+ Kf8 32. Qh6+ Ke7 33. Qxh7+ Kd8
34. Rg8+ Qf8 35. Rxf8# 1-0

[Event "Euro Online U2300 Day 1"]
[Site "chess.com INT"]
[Date "2020.05.25"]
[Round "2"]
[White "Zvereva, Margarita"]
[Black "Stoyanov, Viktor"]
[Result "1-0"]
[WhiteTitle "WFM"]
[WhiteElo "1929"]
[BlackElo "2240"]
[WhiteFideId "34177741"]
[BlackFideId "450308"]
[EventDate "2020.05.25"]

1. d4 Nf6 2. Nf3 g6 3. Nbd2 Bg7 4. e4 O-O 5. Bd3 d6 6. O-O Nc6 7. c3 e5 8. Re1
Nh5 9. Nb3 a5 10. a4 h6 11. h3 Bd7 12. dxe5 Nxe5 13. Nxe5 dxe5 14. Be3 Nf4 15.
Bxf4 exf4 16. Qf3 Qg5 17. Nd4 c5 18. Nb5 Bc6 19. Bc4 Kh7 20. Nc7 Rad8 21. Nd5 f5
22. e5 Rfe8 23. e6 Rd6 24. e7 Rd7 25. Rad1 Rexe7 26. Rxe7 Rxe7 27. Bb5 Re4 28.
Bxc6 bxc6 29. Nb6 Qe7 30. Rd7 Qe6 31. Qd3 c4 32. Qd2 Qe5 33. f3 Re2 34. Qd4
Qxd4+ 35. cxd4 Rxb2 36. Nxc4 Rb4 37. Nxa5 Rxd4 38. Rxd4 Bxd4+ 39. Kf1 c5 40. Ke2
Kg7 41. Kd3 Kf7 42. Kc4 Ke6 43. Nb3 Be3 44. Nxc5+ Kd6 45. Nd3 Kc6 46. Ne5+ Kb6
47. Nxg6 Ka5 48. Kb3 Bd2 49. Ne7 Be3 50. Nxf5 h5 51. Nxe3 fxe3 52. Kc3 Kxa4 53.
Kd3 Kb4 54. Kxe3 Kc4 55. Kf4 Kd3 56. Kg5 Ke2 57. f4 Kf2 58. Kxh5 Kxg2 59. f5
Kxh3 60. f6 Kg3 61. f7 1-0

[Event "Euro Online U2300 Day 1"]
[Site "chess.com INT"]
[Date "2020.05.25"]
[Round "2"]
[White "Zubcu, Vlad-George"]
[Black "Asgeirsson, Heimir"]
[Result "1-0"]
[WhiteElo "2199"]
[BlackElo "2204"]
[WhiteFideId "1219715"]
[BlackFideId "2301083"]
[EventDate "2020.05.25"]

1. d4 Nf6 2. Bg5 e6 3. e4 d5 4. Nc3 dxe4 5. Nxe4 Be7 6. Bxf6 gxf6 7. Nf3 b6 8.
Bd3 Bb7 9. Qe2 a5 10. O-O-O Ba6 11. Rhe1 Bxd3 12. Qxd3 f5 13. Ng3 c6 14. Ne5 Qc7
15. Qf3 b5 16. Qh5 Rf8 17. Qxh7 Nd7 18. Nh5 Nf6 19. Ng7+ Kd8 20. Nxf7+ Rxf7 21.
Nxe6+ Kc8 22. Qxf7 Qd7 23. Nc5 Bxc5 24. Qxd7+ Kxd7 25. dxc5+ Nd5 26. Re5 Rf8 27.
b3 b4 28. Kb2 f4 29. a3 Kc7 30. axb4 axb4 31. Rdxd5 cxd5 32. Rxd5 Kc6 33. Rh5 f3
34. g3 Rf6 35. Rh4 Kxc5 36. Rc4+ Kb5 37. Rf4 Rxf4 38. gxf4 Kc5 39. h4 Kd5 40. h5
Ke6 41. c3 bxc3+ 42. Kxc3 Kf6 43. b4 Kg7 44. b5 Kh6 45. b6 Kxh5 46. b7 Kg4 47.
b8=Q Kh3 48. f5 Kg2 49. Qg3+ Kf1 50. Qxf3 Ke1 51. Qh1+ Ke2 52. f6 Kxf2 53. f7
Ke3 54. Qe1+ Kf3 55. f8=Q+ Kg2 56. Qe4+ Kg3 57. Qg6+ Kh2 58. Qh8# 1-0

[Event "Euro Online U2300 Day 1"]
[Site "chess.com INT"]
[Date "2020.05.25"]
[Round "2"]
[White "Puzyrevsky, Semen"]
[Black "Tsirulnik, Maritsa"]
[Result "1-0"]
[WhiteElo "1667"]
[BlackElo "2139"]
[WhiteFideId "24240931"]
[BlackFideId "14118688"]
[EventDate "2020.05.25"]

1. d4 Nf6 2. Bf4 d5 3. e3 e6 4. Nd2 c5 5. c3 Be7 6. Ngf3 O-O 7. Bd3 b6 8. Bxb8
Rxb8 9. Ne5 Bb7 10. f4 Ne4 11. Qf3 Nxd2 12. Kxd2 f6 13. Qh3 f5 14. g4 cxd4 15.
exd4 g6 16. gxf5 exf5 17. Rhg1 Rf6 18. Bxf5 Bc8 19. Bxc8 Qxc8 20. Qxc8+ Rxc8 21.
Raf1 Rf5 22. Ke3 b5 23. a3 Bf8 24. Rg5 Rf6 25. Ng4 Rd6 26. Rxd5 Rxd5 27. Nf6+
Kf7 28. Nxd5 Ke6 29. Nb4 Bh6 30. Ke4 Re8 31. Nd3 Kd6+ 32. Ne5 Bg7 33. b3 g5 34.
c4 bxc4 35. bxc4 gxf4 36. c5+ Ke6 37. Rxf4 1-0

[Event "Euro Online U2300 Day 1"]
[Site "chess.com INT"]
[Date "2020.05.25"]
[Round "2"]
[White "Bulatov, Ramil"]
[Black "Mekhane, Adam"]
[Result "1-0"]
[WhiteElo "2222"]
[BlackElo "2013"]
[WhiteFideId "4166140"]
[BlackFideId "36050601"]
[EventDate "2020.05.25"]

1. d4 Nf6 2. Nf3 g6 3. Bg5 Bg7 4. Nbd2 d5 5. c3 O-O 6. e3 c5 7. dxc5 Nc6 8. Nb3
e5 9. Bb5 Re8 10. O-O a6 11. Be2 Be6 12. Bh4 h6 13. Rc1 g5 14. Bg3 Ne4 15. Nfd2
Nxg3 16. hxg3 Qe7 17. e4 Red8 18. Qc2 d4 19. Bc4 Bxc4 20. Nxc4 dxc3 21. bxc3 a5
22. a4 Qe6 23. Nb6 Rab8 24. Rcd1 Bf8 25. Rd5 Ne7 26. c4 Nc6 27. Rfd1 Re8 28. Qe2
Kh7 29. Qh5 Re7 30. Rd6 1-0

[Event "Euro Online U2300 Day 1"]
[Site "chess.com INT"]
[Date "2020.05.25"]
[Round "2"]
[White "Hadzimanolis, Antonios"]
[Black "Junge, Kai"]
[Result "1-0"]
[WhiteTitle "FM"]
[WhiteElo "2214"]
[BlackElo "2181"]
[WhiteFideId "4202813"]
[BlackFideId "4605454"]
[EventDate "2020.05.25"]

1. e4 Nf6 2. e5 Nd5 3. Nc3 Nxc3 4. bxc3 d5 5. d4 Bf5 6. Rb1 b6 7. Nf3 e6 8. Bd3
Bg6 9. O-O Be7 10. c4 Bxd3 11. Qxd3 c6 12. Be3 O-O 13. Rfe1 Nd7 14. g3 Rc8 15.
h4 h6 16. Kg2 Nb8 17. Rb3 c5 18. dxc5 dxc4 19. Qxd8 Rfxd8 20. Ra3 b5 21. Rxa7
Bxc5 22. Rb7 Bxe3 23. Rxe3 Rd5 24. c3 Nc6 25. Re4 Nd8 26. Rb6 Nc6 27. a4 Na7 28.
Rb7 Ra8 29. axb5 Rxb5 30. Rxb5 Nxb5 31. Rxc4 Ra2 32. Rc8+ Kh7 33. Rc5 Na7 34. h5
Rc2 35. Nd4 Rc1 36. Rc7 Ra1 37. Rxf7 Nc8 38. Nxe6 Nb6 39. Rxg7+ Kh8 40. Rg6 Nd5
41. Rxh6+ Kg8 42. Rg6+ Kh8 43. Ng5 Ra2 44. h6 1-0

[Event "Euro Online U2300 Day 1"]
[Site "chess.com INT"]
[Date "2020.05.25"]
[Round "2"]
[White "Bozanic, Ivica"]
[Black "Yordanov, Lachezar"]
[Result "0-1"]
[WhiteTitle "FM"]
[BlackTitle "FM"]
[WhiteElo "2162"]
[BlackElo "2307"]
[WhiteFideId "14501414"]
[BlackFideId "2918927"]
[EventDate "2020.05.25"]

1. e4 c5 2. Nf3 Nc6 3. d4 cxd4 4. Nxd4 Qb6 5. Nb3 Nf6 6. Nc3 e6 7. Be3 Qc7 8. a3
a6 9. Be2 b5 10. O-O Be7 11. f4 d6 12. Bf3 Bb7 13. Qe1 O-O 14. Qg3 b4 15. axb4
Nxb4 16. Rf2 d5 17. e5 Ne4 18. Bxe4 dxe4 19. f5 exf5 20. Bh6 g6 21. Bxf8 Kxf8
22. Qf4 Rd8 23. g4 Bc8 24. gxf5 Bxf5 25. Nxe4 Kg7 26. Ng3 Be6 27. Nd4 Rxd4 28.
Qxd4 Bc5 29. Qf4 Bxf2+ 30. Qxf2 Qxe5 31. c3 Nd3 32. Qd4 Qxd4+ 33. cxd4 Nxb2 34.
Rxa6 Nd1 35. Ra5 Ne3 36. Nf1 Nd5 37. Kf2 Nf6 38. Ne3 Ne4+ 39. Kf3 Nd2+ 40. Kf4
Nb3 41. Ra4 h5 42. d5 Bh3 43. Rb4 Nc5 44. Rb5 Nd3+ 45. Ke4 Nf2+ 46. Kd4 Kf6 47.
Rb7 Ng4 48. Nc4 Nxh2 49. d6 Nf3+ 50. Kc5 Ng5 51. Ne3 Ne6+ 52. Kc6 h4 53. Rb3
Nd4+ 54. Kc7 Nxb3 55. Nd5+ Ke5 56. Ne7 Nc5 57. Nc6+ Kf4 0-1

[Event "Euro Online U2300 Day 1"]
[Site "chess.com INT"]
[Date "2020.05.25"]
[Round "2"]
[White "Gavriilidis, Georgios"]
[Black "Khazieva, Elza"]
[Result "1-0"]
[BlackTitle "WFM"]
[WhiteElo "2134"]
[BlackElo "2016"]
[WhiteFideId "4206894"]
[BlackFideId "4100166"]
[EventDate "2020.05.25"]

1. d4 Nf6 2. c4 d6 3. Nc3 Bf5 4. Bg5 Nbd7 5. f3 e5 6. d5 Be7 7. e4 Bg6 8. h4 h6
9. Be3 Nh5 10. Bf2 a5 11. Nge2 Nc5 12. g4 Nf6 13. h5 Bh7 14. Bxc5 dxc5 15. Nc1
Nd7 16. Nd3 Bh4+ 17. Nf2 g6 18. hxg6 Bxg6 19. Nb5 Bxf2+ 20. Kxf2 h5 21. d6 Kf8
22. dxc7 Qe7 23. Qd6 Rc8 24. Rd1 Qxd6 25. Rxd6 Ke7 26. gxh5 Rxh5 27. Rxh5 Bxh5
28. Bh3 Rxc7 29. Rh6 Rc6 30. Rxh5 Nb6 31. Rxe5+ Kf6 32. Rf5+ Kg7 33. b3 Rh6 34.
Kg3 Rg6+ 35. Bg4 Nd7 36. Nc7 Nf6 37. Nd5 Nd7 38. Nf4 Rd6 39. Rd5 Rxd5 40. exd5
Ne5 41. Bf5 Kf6 42. Be4 Nd7 43. Nd3 Nf8 44. Kf4 Nd7 45. Bf5 1-0

[Event "Euro Online U2300 Day 1"]
[Site "chess.com INT"]
[Date "2020.05.25"]
[Round "2"]
[White "Loew, Gerald"]
[Black "Abdullayev, Azer"]
[Result "0-1"]
[WhiteTitle "FM"]
[WhiteElo "2152"]
[BlackElo "2039"]
[WhiteFideId "4615875"]
[BlackFideId "13403400"]
[EventDate "2020.05.25"]

1. c4 e5 2. Nc3 Nf6 3. Nf3 Nc6 4. e3 Bb4 5. Qc2 O-O 6. Nd5 Bc5 7. a3 a5 8. b3 d6
9. Ng5 g6 10. Nxf6+ Qxf6 11. Ne4 Qe7 12. Nxc5 dxc5 13. d3 Bf5 14. f3 Rfd8 15.
Bb2 Rd7 16. Rd1 Rad8 17. Be2 Rd6 18. O-O g5 19. g4 Bc8 20. Kg2 f5 21. gxf5 Bxf5
22. Kh1 Rh6 23. Rg1 Kf8 24. Rg3 Rdd6 25. Rdg1 Rdg6 26. Bf1 Rh4 27. R1g2 Bh3 28.
Rf2 Bxf1 29. Rxf1 Rgh6 30. Rf2 Rg6 31. Qc3 Qd7 32. f4 gxf4 33. Rxg6 hxg6 34.
exf4 Ke8 35. fxe5 Nd4 36. Qe1 Qc6+ 37. Rg2 Rxh2+ 38. Kxh2 Nf3+ 39. Kh3 Nxe1 40.
Rxg6 Qxg6 0-1

[Event "Euro Online U2300 Day 1"]
[Site "chess.com INT"]
[Date "2020.05.25"]
[Round "2"]
[White "Kukucka, Matej"]
[Black "Hakobyan, Hakob V."]
[Result "0-1"]
[WhiteElo "2107"]
[BlackElo "2070"]
[WhiteFideId "14917270"]
[BlackFideId "13308807"]
[EventDate "2020.05.25"]

1. d4 Nf6 2. c4 c5 3. d5 b5 4. cxb5 a6 5. bxa6 g6 6. Nc3 Bg7 7. e4 d6 8. Nf3 O-O
9. Be2 Bxa6 10. O-O Qa5 11. Re1 Bxe2 12. Qxe2 Na6 13. Nd2 Nd7 14. Nc4 Qc7 15. a4
Nb4 16. Bg5 Ne5 17. Na3 Ned3 18. Red1 c4 19. Nab5 Qd7 20. b3 Rfc8 21. bxc4 Ne5
22. f4 Nxc4 23. Rab1 Bxc3 24. Nxc3 Qa7+ 25. Kh1 Ne3 26. Rdc1 Qd4 27. Rxb4 Rxc3
28. Rcb1 Qxb4 29. Re1 f6 30. Bh6 Rxa4 31. e5 Qe4 32. exf6 exf6 0-1

[Event "Euro Online U2300 Day 1"]
[Site "chess.com INT"]
[Date "2020.05.25"]
[Round "2"]
[White "Kopsa, Petri"]
[Black "Olsen, Filip Boe"]
[Result "0-1"]
[BlackTitle "IM"]
[WhiteElo "2048"]
[BlackElo "2353"]
[WhiteFideId "1706594"]
[BlackFideId "1440640"]
[EventDate "2020.05.25"]

1. e4 c5 2. Nf3 d6 3. Bb5+ Bd7 4. Bxd7+ Qxd7 5. c4 Nf6 6. Nc3 Nc6 7. d4 cxd4 8.
Nxd4 g6 9. O-O Bg7 10. Be3 O-O 11. f3 Rfc8 12. Qd2 Qd8 13. b3 Qa5 14. Rac1 a6
15. Rfd1 Nxd4 16. Bxd4 b5 17. cxb5 axb5 18. Qg5 e5 19. b4 Qxb4 20. Rb1 Qc4 21.
Nxb5 exd4 22. Nxd6 Qc5 23. Qf4 g5 24. Qg3 Nh5 25. Qg4 Qxd6 26. Qxh5 h6 27. Qh3
Qe6 28. Qg3 Rxa2 29. Rbc1 Rcc2 30. Rxc2 Rxc2 31. f4 Qxe4 32. Re1 Re2 33. Rf1
gxf4 34. Qg4 Re1 35. Rxe1 Qxe1# 0-1

[Event "Euro Online U2300 Day 1"]
[Site "chess.com INT"]
[Date "2020.05.25"]
[Round "2"]
[White "Salopaa, Tero"]
[Black "Dornbusch, Tatiana"]
[Result "0-1"]
[BlackTitle "WGM"]
[WhiteElo "2024"]
[BlackElo "2268"]
[WhiteFideId "508284"]
[BlackFideId "14107449"]
[EventDate "2020.05.25"]

1. d4 Nf6 2. Nf3 c5 3. c3 g6 4. Bf4 Bg7 5. e3 O-O 6. h3 d6 7. Be2 Nc6 8. O-O
cxd4 9. exd4 Be6 10. Bg5 Qb6 11. b3 d5 12. Nbd2 Rac8 13. Rc1 Qa5 14. a4 Ne4 15.
b4 Qd8 16. Be3 f5 17. Ng5 Nxg5 18. Bxg5 h6 19. Bf4 g5 20. Bh2 f4 21. Bd3 Bf5 22.
Bxf5 Rxf5 23. Re1 e5 24. dxe5 Rxe5 25. Nf3 Rxe1+ 26. Qxe1 Qf6 27. Qd2 Rd8 28. b5
Na5 29. Nd4 Nc4 30. Qe2 Qf7 31. Rd1 Re8 32. Qd3 Nb2 33. Qd2 Nxd1 34. Qxd1 Bxd4
35. cxd4 Qe6 36. Kf1 Qe4 37. h4 Kg7 38. hxg5 hxg5 39. Bg1 Rc8 40. f3 Qc2 41. Qe1
Qd3+ 42. Qe2 Rc1+ 43. Kf2 Rc2 44. Qxc2 Qxc2+ 45. Kf1 Qxa4 46. g3 Qxb5+ 47. Kg2
Qe2+ 48. Kh3 Qxf3 49. Bh2 Kg6 50. Bg1 Qxg3# 0-1

[Event "Euro Online U2300 Day 1"]
[Site "chess.com INT"]
[Date "2020.05.25"]
[Round "2"]
[White "Nalbant, Tuna Onat"]
[Black "Oleynik, Alexander"]
[Result "1-0"]
[WhiteTitle "IM"]
[WhiteElo "2372"]
[BlackElo "2249"]
[WhiteFideId "6372821"]
[BlackFideId "14110113"]
[EventDate "2020.05.25"]

1. Nf3 d5 2. g3 c6 3. Bg2 Nf6 4. O-O g6 5. d3 Bg7 6. Nbd2 O-O 7. e4 dxe4 8. dxe4
Bg4 9. h3 Bxf3 10. Bxf3 Nbd7 11. Bg2 e5 12. Nc4 Nc5 13. Qe2 Qc7 14. b3 Rfe8 15.
Ba3 b6 16. Bxc5 bxc5 17. Rfd1 Rad8 18. Rxd8 Rxd8 19. Rd1 Rxd1+ 20. Qxd1 Nd7 21.
Qd6 Qxd6 22. Nxd6 Nb6 23. Bf1 Bf8 24. Nc4 Nxc4 25. Bxc4 Bd6 26. Ba6 f5 27. f3
fxe4 28. fxe4 Kf7 29. Bb7 Kf6 30. Bxc6 Kg5 31. Kf2 Bc7 32. Ke3 Ba5 33. Bd7 Be1
34. Kf3 h5 35. g4 h4 36. Be8 Kf6 37. Ke2 Bg3 38. Kd3 Bf2 39. Kc4 g5 40. Kd5 Be3
41. Kd6 Bd4 42. c4 Be3 43. b4 cxb4 44. c5 a5 45. c6 Bb6 46. c7 Bxc7+ 47. Kxc7
Ke7 48. Ba4 1-0

[Event "Euro Online U2300 Day 1"]
[Site "chess.com INT"]
[Date "2020.05.25"]
[Round "2"]
[White "Sergeev, Nikita S."]
[Black "Vashchilov, Sergey"]
[Result "0-1"]
[WhiteElo "1335"]
[BlackElo "2176"]
[WhiteFideId "34253670"]
[BlackFideId "13506676"]
[EventDate "2020.05.25"]

1. d4 d5 2. Nf3 Nf6 3. Bf4 c5 4. e3 Nc6 5. c3 Qb6 6. Qb3 c4 7. Qc2 Bf5 8. Qc1 e6
9. Nbd2 Be7 10. Be2 O-O 11. Nh4 Bg4 12. Bxg4 Nxg4 13. Nhf3 Qd8 14. h3 Nf6 15.
O-O b5 16. b3 Bd6 17. Bxd6 Qxd6 18. Re1 Rac8 19. bxc4 bxc4 20. Qc2 Rb8 21. e4
Nxe4 22. Nxe4 dxe4 23. Rxe4 Qa3 24. Re2 Rb5 25. Rb1 Rxb1+ 26. Qxb1 Qxc3 27. Rc2
Qd3 28. Rc1 Qxb1 29. Rxb1 Rc8 30. Ne5 Nxe5 31. dxe5 g5 32. Rc1 Kg7 33. g4 c3 34.
Rc2 Rc5 35. Kg2 Rxe5 36. Rxc3 Ra5 37. a3 Ra4 38. Kg3 h5 39. f3 h4+ 40. Kf2 Kf6
41. Ke3 Ke5 42. Rb3 a6 43. Rc3 Kd5 44. Kd3 Rd4+ 45. Ke3 Rd1 46. Rc7 Ra1 47. Rxf7
Rxa3+ 48. Kf2 Ke5 49. Ke2 a5 50. Kf2 Ra2+ 51. Ke3 a4 52. Ra7 Ra3+ 53. Kf2 Kd4
54. Rd7+ Ke5 55. Ra7 Ra2+ 56. Ke3 a3 57. Ra5+ Kf6 58. Ra6 Ra1 59. Kf2 a2 60. Kg2
Ke5 61. Kf2 Rh1 0-1

[Event "Euro Online U2300 Day 1"]
[Site "chess.com INT"]
[Date "2020.05.25"]
[Round "2"]
[White "Strejczek, Dariusz"]
[Black "Gavilan Diaz, Mario"]
[Result "0-1"]
[BlackTitle "FM"]
[WhiteElo "2149"]
[BlackElo "2278"]
[WhiteFideId "1122142"]
[BlackFideId "2260905"]
[EventDate "2020.05.25"]

1. e4 e5 2. Nf3 Nc6 3. d4 exd4 4. Bc4 Nf6 5. e5 d5 6. Bb5 Ne4 7. Nxd4 Bd7 8.
Bxc6 bxc6 9. O-O Bc5 10. c3 O-O 11. f3 Ng5 12. b4 Bb6 13. Nd2 f6 14. f4 Ne6 15.
Nb3 fxe5 16. fxe5 Qh4 17. Be3 Rxf1+ 18. Qxf1 Rf8 19. Qe2 Qe4 20. Re1 Qxe5 21. a4
Bxd4 22. Bxd4 Qf5 23. Bxa7 Nf4 24. Qf3 Qg6 25. Kh1 Nd3 26. Qe2 Re8 27. Be3 Nxe1
28. Qxe1 Qd3 0-1

[Event "Euro Online U2300 Day 1"]
[Site "chess.com INT"]
[Date "2020.05.25"]
[Round "2"]
[White "Alexakis, Dimitris"]
[Black "Agrafenin, Andrey"]
[Result "1-0"]
[WhiteTitle "FM"]
[WhiteElo "2450"]
[BlackElo "2017"]
[WhiteFideId "4277023"]
[BlackFideId "13506544"]
[EventDate "2020.05.25"]

1. e4 c5 2. Nf3 e6 3. d4 cxd4 4. Nxd4 a6 5. c4 Nf6 6. Nc3 Bb4 7. Qd3 Qc7 8. a3
Bxc3+ 9. Qxc3 O-O 10. Bd3 d6 11. O-O Nc6 12. Bg5 Nd7 13. Kh1 Nde5 14. Be2 h6 15.
Be3 Bd7 16. f4 Ng6 17. f5 Nge5 18. f6 Nxd4 19. Bxd4 g6 20. Qh3 Kh7 21. Be3 h5
22. Bxh5 Rh8 23. Rf4 Kg8 24. Rh4 Qd8 25. Rf1 Bc6 26. Be2 Rxh4 27. Qxh4 b5 28.
Bh6 g5 29. Qxg5+ Ng6 30. Bh5 Bxe4 31. Bg7 bxc4 32. Qh6 c3 33. Bxg6 fxg6 34. f7# 1-0

[Event "Euro Online U2300 Day 1"]
[Site "chess.com INT"]
[Date "2020.05.25"]
[Round "2"]
[White "Berdnyk, Mariia"]
[Black "Ismayilov, Firuz"]
[Result "1/2-1/2"]
[WhiteTitle "FM"]
[WhiteElo "2324"]
[BlackElo "1590"]
[WhiteFideId "14137054"]
[BlackFideId "13416561"]
[EventDate "2020.05.25"]

1. c4 e5 2. Nc3 Nc6 3. g3 g6 4. Bg2 Bg7 5. Nf3 Nf6 6. d3 O-O 7. O-O d6 8. Rb1 a5
9. a3 Re8 10. b4 axb4 11. axb4 e4 12. dxe4 Nxe4 13. Nxe4 Rxe4 14. b5 Nd4 15.
Nxd4 Rxd4 16. Qb3 Bf5 17. Bb2 Bxb1 18. Bxd4 Bxd4 19. Rxb1 Ra7 20. Bd5 Qf6 21. e3
Bc5 22. Rb2 Ra3 23. Qc2 Rc3 24. Qe2 b6 25. Ra2 Rc1+ 26. Kg2 Ra1 27. Rxa1 Qxa1
28. Qg4 Qf6 29. Qc8+ Kg7 30. Qxc7 h5 31. h4 Qf5 32. Qe7 Qf6 33. Qd7 Ba3 34. Qb7
Bc5 35. Qc7 Kg8 36. Qc8+ Kg7 37. Qe8 Ba3 38. Qe4 Bc5 39. Qf3 Qxf3+ 40. Kxf3 f5
41. e4 fxe4+ 42. Bxe4 Kf6 43. Ke2 Ba3 44. f4 Bb4 45. Kf3 Be1 1/2-1/2

[Event "Euro Online U2300 Day 1"]
[Site "chess.com INT"]
[Date "2020.05.25"]
[Round "2"]
[White "Hewitt, William"]
[Black "Eren, Ataberk"]
[Result "0-1"]
[BlackTitle "FM"]
[WhiteElo "1997"]
[BlackElo "2321"]
[WhiteFideId "1800280"]
[BlackFideId "6349765"]
[EventDate "2020.05.25"]

1. e4 e6 2. d4 d5 3. Nc3 Nf6 4. e5 Nfd7 5. f4 c5 6. Nf3 Nc6 7. Be3 Be7 8. Qd2
O-O 9. dxc5 Nxc5 10. O-O-O a6 11. Qf2 Qa5 12. Kb1 Bd7 13. f5 exf5 14. Rxd5 Ne4
15. Rxa5 Nxf2 16. Rd5 Nxh1 17. Rxd7 Rfe8 18. g3 Bf6 19. Rd5 Nxe5 20. Nxe5 Rxe5
21. Rxe5 Bxe5 22. Bg2 Bxc3 23. bxc3 Re8 24. Bd4 Nf2 25. Kc1 Ne4 26. a4 Rc8 27.
Kb2 h5 28. Kb3 g6 29. c4 Kf8 30. c5 Nxc5+ 31. Kb4 Ne4 32. c4 Ke7 33. Bf1 Rd8 34.
Be5 Rd1 35. Be2 Rd2 36. Bf3 Rxh2 37. Ka5 Rc2 0-1

[Event "Euro Online U2300 Day 1"]
[Site "chess.com INT"]
[Date "2020.05.25"]
[Round "2"]
[White "Bianchi, Guillaume"]
[Black "Stepanov, Artem"]
[Result "0-1"]
[WhiteElo "2173"]
[BlackElo "1622"]
[WhiteFideId "625370"]
[BlackFideId "34253769"]
[EventDate "2020.05.25"]

1. d4 d5 2. c4 e6 3. Nc3 c6 4. e4 dxe4 5. Nxe4 Bb4+ 6. Bd2 Qxd4 7. Bxb4 Qxe4+ 8.
Be2 Qxg2 9. Bf3 Qg5 10. Ne2 Na6 11. Bc3 Nf6 12. Rg1 Qf5 13. Nd4 Qe5+ 14. Ne2 Qf5
15. Nd4 Qe5+ 16. Kf1 Qf4 17. Qe2 O-O 18. Rg3 Nc5 19. b3 Nce4 20. Bxe4 Nxe4 21.
Rxg7+ Kh8 22. Bb2 e5 23. Nf3 Qxf3 24. Qxf3 Nd2+ 25. Ke2 Nxf3 26. Rg3 Nd4+ 27.
Kf1 Be6 28. f4 f6 29. c5 Rad8 30. Re1 Bd5 31. Kf2 exf4 32. Rd3 Nf5 33. Red1 Kg7
34. Rg1+ Kf7 35. Rg4 f3 36. Rf4 Be6 37. Rxd8 Rxd8 38. Bc3 Rd3 0-1

[Event "Euro Online U2300 Day 1"]
[Site "chess.com INT"]
[Date "2020.05.25"]
[Round "2"]
[White "Manukyan, Artyom"]
[Black "Rzayev, Askar Aliakbar"]
[Result "1-0"]
[WhiteElo "2148"]
[BlackElo "2129"]
[WhiteFideId "13305786"]
[BlackFideId "13405039"]
[EventDate "2020.05.25"]

1. e4 e6 2. d4 d5 3. Bd3 dxe4 4. Bxe4 Nf6 5. Bf3 c5 6. Ne2 e5 7. dxe5 Qxd1+ 8.
Kxd1 Ng4 9. Bxg4 Bxg4 10. f3 Bf5 11. Bf4 Nc6 12. Nd2 O-O-O 13. Ng3 Bg6 14. Re1
Be7 15. Ne4 Rhe8 16. c3 Bf8 17. Nd6+ Bxd6 18. exd6 Bd3 19. Nb3 b6 20. Kd2 Bc4
21. Kc2 f6 22. Nd2 Bd5 23. b3 Kd7 24. Nf1 g5 25. Bg3 h5 26. h4 Bf7 27. Rad1 b5
28. Ne3 b4 29. cxb4 Nxb4+ 30. Kb2 Bg6 31. hxg5 fxg5 32. Nc4 Rxe1 33. Bxe1 Nd3+
34. Kc3 Re8 35. Bg3 h4 36. Bh2 Re2 37. Rd2 Rxd2 38. Kxd2 Ke6 39. a3 a6 40. Kc3
Ne1 41. Ne5 Be8 42. g4 Bb5 43. a4 Be2 44. d7 Ke7 45. Bg1 Nd3 46. Nxd3 Kxd7 47.
Kd2 Bf1 48. Nxc5+ Kc6 49. Ne4 1-0

[Event "Euro Online U2300 Day 1"]
[Site "chess.com INT"]
[Date "2020.05.25"]
[Round "2"]
[White "Skuhala, Barbara"]
[Black "Huda, Maryana"]
[Result "1-0"]
[WhiteTitle "WFM"]
[BlackTitle "WGM"]
[WhiteElo "2095"]
[BlackElo "2128"]
[WhiteFideId "14605465"]
[BlackFideId "14116553"]
[EventDate "2020.05.25"]

1. e4 e5 2. Nf3 Nc6 3. Bc4 Bc5 4. b4 Bxb4 5. c3 Ba5 6. d4 d6 7. O-O Bg4 8. Be3
Nf6 9. Bd3 O-O 10. h3 Bxf3 11. Qxf3 Bxc3 12. Nxc3 exd4 13. Bxd4 Nxd4 14. Qe3 Ne6
15. f4 Re8 16. Rad1 Nc5 17. Bb1 Qe7 18. Rfe1 c6 19. Qf2 Rad8 20. g4 Nfd7 21. Qc2
Qh4 22. Kg2 d5 23. Re2 Nf6 24. exd5 Rxe2+ 25. Qxe2 Nxd5 26. Nxd5 cxd5 27. Rxd5
Ne6 28. Rxd8+ Qxd8 29. Qe4 g6 30. f5 Qd2+ 31. Kg3 Ng5 32. Qe8+ Kg7 33. Qe5+ Kh6
34. h4 f6 35. hxg5+ Kxg5 36. Qe4 Qd6+ 37. Kh3 Qa3+ 38. Bd3 Qxa2 39. Qe3# 1-0

[Event "Euro Online U2300 Day 1"]
[Site "chess.com INT"]
[Date "2020.05.25"]
[Round "2"]
[White "Kresz, Adam"]
[Black "Arakhamia-Grant, Ketevan"]
[Result "0-1"]
[BlackTitle "GM"]
[WhiteElo "2138"]
[BlackElo "2380"]
[WhiteFideId "794422"]
[BlackFideId "13600168"]
[EventDate "2020.05.25"]

1. e4 c5 2. Nf3 Nc6 3. d4 cxd4 4. Nxd4 e5 5. Nb5 d6 6. c4 Be7 7. N1c3 a6 8. Na3
Nf6 9. f3 O-O 10. Be3 Be6 11. Qd2 Rc8 12. Nc2 Nh5 13. Bd3 g6 14. O-O f5 15. exf5
gxf5 16. Nd5 Nf6 17. Bb6 Qd7 18. Nxe7+ Nxe7 19. Rad1 Kh8 20. Kh1 Bxc4 21. Bxc4
Rxc4 22. Ne3 Rc6 23. Ba5 f4 24. Ng4 Nxg4 25. fxg4 Qxg4 26. Bb4 Nf5 27. Rc1 Rg8
28. Rxc6 bxc6 29. Bc3 Ne3 30. Rg1 f3 31. g3 Qe4 32. Qf2 Ng4 33. Qf1 f2+ 34. Rg2
Rf8 0-1

[Event "Euro Online U2300 Day 1"]
[Site "chess.com INT"]
[Date "2020.05.25"]
[Round "2"]
[White "Sirosh, Ilja"]
[Black "Vardanyan, Aras"]
[Result "1-0"]
[WhiteTitle "IM"]
[WhiteElo "2405"]
[BlackElo "2178"]
[WhiteFideId "4500458"]
[BlackFideId "12808792"]
[EventDate "2020.05.25"]

1. d4 Nf6 2. c4 c5 3. d5 b5 4. cxb5 a6 5. bxa6 g6 6. Nc3 Bg7 7. e4 O-O 8. Be2
Qa5 9. Bd2 Bxa6 10. e5 Ne8 11. Nf3 d6 12. e6 f5 13. h4 Bxe2 14. Qxe2 Nf6 15. h5
Nxh5 16. Rxh5 gxh5 17. Ng5 Qb4 18. Qxh5 h6 19. Nf7 Qg4 20. Nxh6+ Bxh6 21. Qxh6
Qg7 22. Qh5 Rf6 23. O-O-O Na6 24. Rh1 Nb4 25. Rh3 Rg6 26. a3 Na6 27. Ne2 Nb4 28.
axb4 cxb4 29. Bxb4 Rg4 30. Bc3 Rc4 31. Qh8+ 1-0